Statistics for Barcelona Players 22-23

Click here to take the quiz!

General Stats

  • This quiz has been taken 197 times
  • The average score is 16 of 22

Answer Stats

PositionsAnswer% Correct
GKTer stegen
95%
CMGavi
92%
CBAraújo
89%
CMPedri
89%
STRobert lewandowski
88%
CDMSergio busquets
88%
LBJordi alba
87%
RWRaphinha
84%
LWOusmane dembele
82%
CBJules kounde
77%
LWAnsu fati
74%
CMFrenkie de jong
74%
RWFerran torres
73%
CMSergi roberto
70%
CBChristensen
69%
CBPiqué
69%
CDMFranck kessié
66%
CBEric garcia
57%
LBMarcos alonso
55%
STMemphis depay
55%
GKInaki pena
52%
RBHector bellerín
39%

Score Distribution

Percentile by Number Answered

Percent of People with Each Score

Your Score History

You have not taken this quiz